000 00352nam a2200145Ia 4500
008 191201s2004 xx 000 0 und d
082 _a677.7
_bDII
100 _aDICKERSON, Kitty G
245 0 _aInside the Fashion Business
250 _a7th
260 _aN.Delhi
_bPearson Education
_c2004
300 _a558
650 _aB.Tech(TE)
942 _2ddc
_cBK
999 _c1808
_d1808